000 00374 a2200133 4500
001 ART_6872
005 20260410161621.0
008 260409a
245 1 0 _aEsquema de normas contables para Argentina
100 1 _aPriotto, Hugo C.
700 1 _aWerbin, Eliana M.
700 1 _aVeteri, Liliana J.
773 0 _tEnfoques
_g- NÂș 10 (oct. 2010)
_wREV416
999 _c11595
_d11595